Process of water resources project planning : A systems approach / (Record no. 309)
[ view plain ]
| 000 -LEADER | |
|---|---|
| fixed length control field | 00490cam a2200193ua 4500 |
| 020 ## - INTERNATIONAL STANDARD BOOK NUMBER | |
| ISBN | 92-3-102476-0 |
| 041 ## - LANGUAGE CODE | |
| Language code of text/sound track or separate title | eng |
| 082 ## - DEWEY DECIMAL CLASSIFICATION NUMBER | |
| Classification number | 627.01 |
| Item number | HAI/PR |
| 100 ## - MAIN ENTRY--AUTHOR NAME | |
| Personal name | Haimes, Y Y. |
| 245 00 - TITLE STATEMENT | |
| Title | Process of water resources project planning : A systems approach / |
| 250 ## - EDITION STATEMENT | |
| Edition statement | 1 / |
| 260 ## - PUBLICATION, DISTRIBUTION, ETC. (IMPRINT) | |
| Place of publication | Geneva : |
| Name of publisher | UNESCO , |
| Year of publication | 1987. |
| 300 ## - PHYSICAL DESCRIPTION | |
| Number of Pages | 196 ; . |
| 700 1# - ADDED ENTRY--PERSONAL NAME | |
| Personal name | Kindler, J. |
| 700 1# - ADDED ENTRY--PERSONAL NAME | |
| Personal name | Plate, E J. |
| 942 ## - ADDED ENTRY ELEMENTS (KOHA) | |
| Koha item type | Books |
| Withdrawn status | Lost status | Damaged status | Home library | Current library | Date acquired | Full call number | Accession Number | Koha item type |
|---|---|---|---|---|---|---|---|---|
| KAUAET | KAUAET | 07/04/2012 | 627.01 | 20576 | Books |
